[Event "7th Gashimov Memorial-Blitz 2021"]
[Site "Baku"]
[Date "2021.12.23"]
[Round "12"]
[White "Karjakin, Sergey"]
[Black "Caruana, Fabiano"]
[Result "1/2-1/2"]
[WhiteElo "2743"]
[BlackElo "2792"]
[Annotator "RC"]
[PlyCount "72"]
[EventDate "2021.12.17"]
[EventType "tourn"]
[EventCountry "AZE"]
[SourceTitle "playchess.com"]
[Source "ChessBase"]
[SourceQuality "1"]
[TimeControl "180+2"]

1. e4 {[%emt 0:00:00]} e5 {[%emt 0:00:00]} 2. Nf3 {[%emt 0:00:00]} Nc6 {
[%emt 0:00:00]} 3. Bb5 {[%emt 0:00:00]} a6 {[%emt 0:00:00]} 4. Ba4 {[%emt 0:00:
00]} Nf6 {[%emt 0:00:00]} 5. O-O {[%emt 0:00:00]} Be7 {[%emt 0:00:00]} 6. Re1 {
[%emt 0:00:00]} b5 {[%emt 0:00:00]} 7. Bb3 {[%emt 0:00:00]} O-O {[%emt 0:00:00]
} 8. c3 {[%emt 0:00:00]} d5 {[%emt 0:00:00]} 9. exd5 {[%emt 0:00:00]} Nxd5 {
[%emt 0:00:00]} 10. Nxe5 {[%emt 0:00:00]} Nxe5 {[%emt 0:00:00]} 11. Rxe5 {
[%emt 0:00:00]} c6 {[%emt 0:00:00]} 12. d3 {[%emt 0:00:00]} Bd6 {[%emt 0:00:00]
} 13. Re1 {[%emt 0:00:00]} Bf5 {[%emt 0:00:00]} 14. Qf3 {[%emt 0:00:00]} Qh4 {
[%emt 0:00:00]} 15. g3 {[%emt 0:00:00]} Qh3 {[%emt 0:00:00]} 16. Be3 {[%emt 0:
00:00]} Bxd3 {[%emt 0:00:00]} 17. Nd2 {[%emt 0:00:00]} Bf5 {[%emt 0:00:00]} 18.
Bxd5 {[%emt 0:00:00]} cxd5 {[%emt 0:00:00]} 19. Qxd5 {[%emt 0:00:00]} Rfd8 {
[%emt 0:00:00]} 20. Qg2 {[%emt 0:00:00]} Qxg2+ {[%emt 0:00:00]} 21. Kxg2 {
[%emt 0:00:00]} b4 {[%emt 0:00:00]} 22. Bd4 {[%emt 0:00:00]} bxc3 {[%emt 0:00:
00]} 23. Bxc3 {[%emt 0:00:00]} Be6 {[%emt 0:00:00]} 24. f3 {[%emt 0:00:00]} a5
{[%emt 0:00:00]} 25. a3 {[%emt 0:00:00]} a4 {[%emt 0:00:00]} 26. Ne4 {[%emt 0:
00:00]} Be7 {[%emt 0:00:00]} 27. Rad1 {[%emt 0:00:00]} h6 {[%emt 0:00:00]} 28.
Bb4 {[%emt 0:00:00]} Bxb4 {[%emt 0:00:18]} 29. axb4 {[%emt 0:00:00]} Rab8 {
[%emt 0:00:13]} 30. Rxd8+ {[%emt 0:00:09]} Rxd8 {[%emt 0:00:00]} 31. Nc3 {
[%emt 0:00:06]} Bc4 {[%emt 0:01:14]} 32. Rd1 {[%emt 0:00:32]} Rb8 {[%emt 0:00:
14]} 33. Rd4 {[%emt 0:00:06]} Rxb4 {[%emt 0:00:01]} 34. Kg1 {[%emt 0:00:09]}
Rxb2 {[%emt 0:00:52]} 35. Rxc4 {[%emt 0:00:00]} Rc2 {[%emt 0:00:00]} 36. Rxa4 {
[%emt 0:00:05]} Rxc3 {[%emt 0:00:00]} 1/2-1/2

[Event "7th Gashimov Memorial-Blitz 2021"]
[Site "Baku"]
[Date "2021.12.23"]
[Round "12"]
[White "Navara, David"]
[Black "Asadli, Vugar"]
[Result "1/2-1/2"]
[WhiteElo "2697"]
[BlackElo "2579"]
[Annotator "TA"]
[PlyCount "133"]
[EventDate "2021.12.17"]
[EventType "tourn"]
[EventCountry "AZE"]
[SourceTitle "playchess.com"]
[Source "ChessBase"]
[SourceQuality "1"]

{[%evp 9,133,13,24,15,25,25,25,15,13,8,5,-2,-9,0,18,3,50,53,50,52,54,48,50,62,
118,108,110,110,120,94,131,125,135,126,125,104,125,144,150,155,171,133,148,145,
156,0,102,-89,77,69,77,63,178,0,0,-57,-45,-131,-109,-122,0,0,0,0,0,0,0,0,0,0,0,
0,834,851,697,644,595,275,1357,808,669,191,612,0,354,260,294,0,0,0,0,0,310,358,
487,0,0,0,0,0,0,0,0,0,0,0,0,0,0,0,0,0,0,0,0,0,0,0,0,0,0,0,0,0,0,0]} 1. e4 c6 2.
Nf3 d5 3. d3 Bg4 4. h3 Bh5 5. Nc3 dxe4 6. Nxe4 {B11: Caro-Kann: Two Knights
Variation.} Nd7 7. Qe2 {[%cal Re4d6]} Qc7 {To avoid Nd6+} 8. g4 {White has an
edge.} Bg6 9. Bg2 {[#]} O-O-O $146 ({Predecessor:} 9... e6 10. Bd2 Ngf6 11.
Nxf6+ Nxf6 12. O-O-O Bd6 13. Bc3 O-O-O 14. Rde1 Rhg8 15. Be5 Nd5 16. Bxd6 Qxd6
{1-0 (95) Badzgaradze,E (1639)-Nguyen,D Maribor 2012}) 10. Nh4 Bxe4 11. dxe4 e5
12. Bd2 Bc5 (12... Nc5 $11) 13. b4 $14 Be7 14. Nf5 g6 15. Nxe7+ Nxe7 16. O-O g5
({Better is} 16... Kb8 $14) 17. Bxg5 $16 f6 18. Bh6 Ng6 19. Qe3 Nb6 20. a4 {
[%cal Ba2a4,Ba4a5][%mdl 32]} Kb8 21. a5 Nc4 22. Qe2 Qf7 23. Rfd1 Nf4 24. Bxf4
exf4 25. a6 Ne5 {Inhibits Qf3.} 26. axb7 Qxb7 27. Ra5 $2 (27. Rdb1 $1 $16)
27... Qb6 (27... Qxb4 $11 28. Rda1 Rd7) 28. g5 $2 (28. Ra3 $1 $16 {and life is
bright.}) 28... Rxd1+ $2 (28... f3 $1 $17 {[%cal Rf3e2] keeps the pressure on.}
29. Bxf3 Rxd1+ 30. Qxd1 Rd8) 29. Qxd1 Rd8 $1 30. Qc1 (30. Qe1 Rg8 $11) 30...
Qxb4 (30... f3 $14 31. gxf6 Rg8) 31. Ra3 $2 (31. Qa1 $18) 31... Qe7 $36 {
[%mdl 2048] Black is more active.} (31... fxg5 $2 32. Rb3 Qxb3 33. cxb3 $18)
32. Qb2+ (32. Ra5 $11 Re8 33. Qxf4 fxg5 34. Qe3) 32... Ka8 $1 $15 33. Qa1 (33.
Qc3 $1 $15) 33... fxg5 $17 34. Ra5 c5 (34... Re8 $1 $17 35. Qd1 h6) 35. Rxa7+
$11 Qxa7 36. Qxe5 {[%mdl 4096] Endgame KQR-KQB} Rd1+ 37. Kh2 Qb8 38. Qf6 {
Hoping for Bf3.} f3+ 39. e5 {The board is on fire.} fxg2 {[%csl Gd1][%cal
Rg2g1]} 40. Qf3+ Qb7 $2 {[%mdl 8192]} (40... Ka7 $11 41. Qxd1 Qxe5+ 42. Kxg2
Kb6) 41. Qxd1 $18 {KQ-KQ} Qe4 42. Qd8+ Kb7 43. Qxg5 (43. Qe7+ $142 Kb6 44. Qd6+
(44. Qxg5 Qxc2 45. Qf6+ Kb5 $16) 44... Qc6 45. Qd8+ Kb5 46. Qd3+ (46. Qxg5 Qe4
$18) 46... c4 47. Qxh7) 43... Kb6 $2 (43... Qxc2 44. Qxg2+ Kb6) 44. c3 {
aiming for Qf6+.} Kb5 45. h4 $2 (45. Kg1 Qe1+ 46. Kxg2 Qxc3 47. Qe7) 45... h5
$2 (45... Ka4 46. Qe3 Qg4) 46. Qg3 $2 ({White should try} 46. Qxh5 $18 Kb6 47.
Qg5) 46... Ka4 $2 {[%mdl 8192] [#]} (46... Kc4 $11 {and Black stays safe.}) 47.
Qe3 $1 Qg4 {[%cal Rg2g1] [#]} 48. Qg3 $2 ({Only move:} 48. Kg1 $1 $18) 48...
Qe4 $11 49. f3 Qe2 50. f4 Qe4 {[%mdl 8192]} (50... Qf1 $11 51. Qxg2 Qxf4+ 52.
Qg3 Qd2+ 53. Kg1 Qe2) 51. Kg1 ({Stronger than} 51. Qxg2 Qxf4+ 52. Qg3 Qd2+ 53.
Kg1 Qd1+ 54. Kg2 Qe2+ 55. Kh3 Kb3 $11) 51... Kb3 52. Qxg2 $2 (52. Qf2 $18 {
Strongly threatening f5.} Kxc3 53. f5) 52... Qe1+ {The position is equal.} 53.
Qf1 Qg3+ 54. Kh1 Qxh4+ 55. Kg2 Qg4+ 56. Kh2 Qh4+ 57. Qh3 Qf2+ 58. Kh1 Qe1+ 59.
Kg2 Qe2+ 60. Kg3 {And now Kh4 would win.} Qe3+ 61. Kg2 Qe2+ 62. Kg1 Qe1+ 63.
Qf1 Qg3+ 64. Qg2 Qe1+ 65. Kh2 {Black must now prevent Qd5+.} Qh4+ 66. Qh3 Qf2+
67. Kh1 {Weighted Error Value: White=0.63/Black=0.48} 1/2-1/2

[Event "7th Gashimov Memorial-Blitz 2021"]
[Site "Baku"]
[Date "2021.12.23"]
[Round "13"]
[White "Caruana, Fabiano"]
[Black "Anand, Viswanathan"]
[Result "1-0"]
[WhiteElo "2792"]
[BlackElo "2751"]
[Annotator "TA"]
[PlyCount "137"]
[EventDate "2021.12.17"]
[EventType "tourn"]
[EventCountry "AZE"]
[SourceTitle "playchess.com"]
[Source "ChessBase"]
[SourceQuality "1"]

{[%evp 13,137,18,15,11,12,10,16,12,17,0,0,0,0,-1,-14,0,0,-8,0,-18,-13,-19,0,0,
0,0,0,-18,0,-35,0,-60,-50,-129,-130,-136,-104,-135,-105,-112,-99,-115,-86,-109,
-35,-72,-72,-60,-44,-27,-29,-102,-25,-33,-30,-94,-26,-67,-19,-79,-71,-88,-74,
-76,-46,-50,-52,-62,-33,-54,0,-4,0,0,0,0,0,-55,-55,-45,0,0,0,0,0,-27,110,101,
82,0,0,0,1,8,72,72,72,72,72,70,86,0,73,73,479,72,70,41,45,8,8,8,8,8,8,0,18,18,
601,600,510,479,1198,1136,1058,801]} 1. e4 e5 2. Nf3 Nc6 3. Bb5 Nf6 4. d3 Bc5
5. Ba4 O-O 6. O-O d6 7. c3 a6 8. h3 {C78: Ruy Lopez: Archangelsk and Möller
Defences.} b5 9. Bc2 Bb6 10. Re1 {The position is equal.} h6 {[#]} 11. Be3 $146
({Predecessor:} 11. Nbd2 Be6 12. Nf1 Ne7 13. Be3 c5 14. Ng3 Ng6 15. a3 d5 16.
exd5 Nxd5 17. Bd2 {0-1 (41) Shahade,G (2306)-Nakamura,H (2854) Chess.com INT
2015}) 11... Bxe3 12. Rxe3 Ne7 {[%cal Bc6e7,Be7g6,Bg6f4][%mdl 32]} 13. d4 Ng6
14. Nbd2 c5 15. Nf1 Qc7 16. Ng3 Be6 17. Bd3 Nf4 18. Bf1 Rfd8 19. d5 Bd7 20. Ne1
c4 21. Nc2 a5 22. Re1 (22. a4 $11) 22... h5 {[%cal Bh6h5,Bh5h4][%mdl 32]} 23.
Kh2 (23. h4 $15) 23... h4 $17 24. Nh1 Qc5 25. Qf3 Nh7 26. Qe3 Qxe3 27. Rxe3 {
[%cal Oa2a4]} Ng5 28. f3 {[%cal Oa2a4]} Rab8 (28... a4 $17) 29. Nf2 Rdc8 30. b3
cxb3 31. axb3 a4 32. b4 (32. bxa4 $11 {remains equal.} bxa4 33. Nb4) 32... g6 (
32... Nh5 $17) 33. Na3 $11 f5 34. Rc1 (34. Rb1 $11) 34... Kg7 (34... Nh5 $17)
35. Kg1 (35. Rb1 $11) 35... Nf7 (35... fxe4 $15 36. fxe4 Nh5) 36. Nd3 (36. Ree1
$11) 36... Nh5 $17 37. Ree1 Ng3 38. Nf2 fxe4 39. Nxe4 Nxe4 40. fxe4 Ng5 41. Bd3
Rf8 (41... Nh7 $15) 42. Re2 $11 Nf7 43. Rf2 Rfc8 44. Rfc2 g5 45. c4 (45. Be2
$11) 45... bxc4 $15 46. Rxc4 {[#]} Rxc4 (46... Rxb4 $1 $15 {deserves
consideration.} 47. Rxc8 Bxc8 48. Rxc8 Rb3) 47. Rxc4 $11 Kf6 48. Be2 {[%cal
Ob4b5]} g4 49. hxg4 Nh6 (49... Bb5 $11 50. Nxb5 Rxb5) 50. b5 $1 $16 Bxg4 51.
Bxg4 (51. Bd3 $16) 51... Nxg4 $11 52. Rxa4 $16 {[%mdl 4096] Endgame KRN-KRN}
Kg5 $1 53. Rb4 {[#] Hoping for Nc4.} Ne3 (53... Ra8 $11 {keeps the balance.}
54. Nc2 Ra2) 54. b6 {[%cal Bb5b6,Bb6b7][%mdl 32]} Kf4 {[%cal Oh4h3]} 55. b7 Kg3
56. Rb3 {Black must now prevent Nc4.} Kf4 57. Rb4 Kg3 $1 58. Nb1 Nc2 $2 {
[%mdl 8192]} (58... Nxg2 $16 59. Rb3+ Ne3) 59. Rb3+ $2 (59. Rb2 $18 {is more
deadly.}) 59... Kf4 60. Nd2 (60. Nc3 $5 {[%cal Rg1f2]} Ne1 61. Nd1 Kxe4 62.
Re3+ Kxd5 63. Rxe1 Rxb7 64. Ne3+ Ke4 65. Nc4+ Kd5 66. Ne3+ Ke4 67. Nc4+ Kd5 68.
Ne3+ $14) 60... Nd4 61. Rb1 {aiming for Kf2.} (61. Rb6 $5 {[%cal Rg1f2]} Ke3
62. Nc4+ (62. Rxd6 $2 Kxd2 63. Rh6 Kd3 $19) (62. Rb2 Kd3 $11) 62... Kxe4 63.
Na5 (63. Nxd6+ Kxd5 64. Nf7 Kc5 $14) 63... Kxd5 64. Ra6 $16) 61... Ke3 62. Nc4+
Kxe4 63. Nxd6+ Kxd5 64. Nf7 e4 65. Kf2 Nf5 $2 {[%mdl 8192]} (65... Ke6 $11) 66.
Rb5+ $18 {White is clearly winning.} Ke6 67. Ng5+ Kf6 (67... Kd6 $142 68. Nxe4+
Kc6) 68. Nxe4+ Kg6 69. Nc5 {Weighted Error Value: White=0.37/Black=0.27 
(precise)} 1-0

[Event "7th Gashimov Memorial-Blitz 2021"]
[Site "Baku"]
[Date "2021.12.23"]
[Round "13"]
[White "Mamedov, Rauf"]
[Black "Navara, David"]
[Result "1/2-1/2"]
[WhiteElo "2656"]
[BlackElo "2697"]
[Annotator "TA"]
[PlyCount "139"]
[EventDate "2021.12.17"]
[EventType "tourn"]
[EventCountry "AZE"]
[SourceTitle "playchess.com"]
[Source "ChessBase"]
[SourceQuality "1"]

{[%evp 9,139,0,2,0,0,0,0,-14,-8,-8,0,0,4,0,3,-7,0,0,0,-7,0,0,0,-23,0,0,0,2,14,
16,39,0,30,0,0,0,0,0,0,-100,-106,-169,-158,-147,-135,-148,-141,-127,-148,-148,
-93,-262,-260,-267,-185,-192,-189,-178,-193,-182,-162,-203,-172,-172,-172,-170,
-172,-233,-230,-229,-38,-38,-7,-22,-8,-9,-18,-10,0,0,0,0,0,0,0,0,0,0,2,0,0,0,8,
0,22,27,173,161,141,0,43,0,0,0,0,0,0,0,0,0,0,0,0,0,0,0,0,0,0,0,0,0,0,0,0,0,0,
-8,-8,-8,-8,-8]} 1. e4 e5 2. Nf3 Nc6 3. Bb5 a6 4. Ba4 Nf6 5. Nc3 Bc5 6. d3 {
C77: Ruy Lopez: 3...a6 4 Ba4 Nf6, unusual lines.} d6 $1 {6...d6 scores better
than 6...b5.} 7. Bg5 h6 8. Bxf6 Qxf6 9. Nd5 {[%csl LRc7,LRf6][%cal Bc3d5,Bd5e3,
Be3f5,Bf5d6][%mdl 32]} Qd8 10. c3 b5 11. Bb3 O-O 12. h3 {[#]} Ne7 $146 ({
Predecessor:} 12... Re8 13. O-O a5 14. a4 Na7 15. axb5 Nxb5 16. Ba4 c6 17. c4
Bd7 18. Nc3 Nd4 {½-½ (35) Streitz,A-Schwieger,S Germany 1999}) 13. O-O c6 14.
Ne3 Bb6 15. d4 Ng6 16. Nf5 Qf6 17. dxe5 dxe5 18. Qd6 {[%cal Of5h6] To avoid
Bc5. With the idea Nxh6+!} Qxd6 19. Nxd6 Be6 20. Rfd1 Rfd8 21. h4 Bxb3 22. axb3
f6 23. h5 Nf4 24. g3 (24. Nf5 $11 {keeps the balance.}) 24... Nh3+ $17 ({
Of course not} 24... Nxh5 $6 25. Nf5 $11) 25. Kg2 (25. Kf1 $17) 25... Nxf2 $19
26. Rd2 Be3 27. Re2 Rxd6 28. Rxe3 Nd3 29. Re2 Nc5 (29... a5 $142 30. Rd2 f5)
30. Nh4 $2 (30. b4 $17 Na4 31. Rc1) 30... Nxb3 31. Ra3 Nc5 {[%cal Bb3c5,Bc5a4,
Ba4b6][%mdl 32]} 32. Nf5 Rd7 33. b4 Na4 34. c4 Rad8 35. Kh3 (35. Rc2 $142)
35... Kf7 36. cxb5 axb5 37. Rc2 Rc7 38. Ra1 (38. Kg4 {was worth a try.}) 38...
Nb6 39. Rc5 Nd7 $2 (39... Nc4 $19 {aiming for ...Rd3.} 40. Ra6 Rdc8) 40. Rc2
$15 Nf8 41. Ra6 Ne6 {[#] Hoping for ...g6.} 42. Rcxc6 Ng5+ 43. Kg4 Rxc6 44.
Rxc6 $11 {[%mdl 4096] Endgame KRN-KRN} Rd7 45. Nd6+ Ke7 46. Nf5+ Kd8 47. Nd6
Ne6 48. Nxb5 Nd4 49. Rb6 Ke7 50. Nc3 Kf7 51. b5 Rc7 52. Nd5 Rc4 (52... Rc2 $11
{and Black stays safe.}) 53. Rb7+ $18 Ke6 54. Rb6+ (54. Rxg7 $16 f5+ 55. Kh3
fxe4 56. Nc7+ Kd6 57. Ne8+ (57. b6 Kc6 $16) 57... Ke6 58. Nc7+ Kd6 59. Ne8+ (
59. b6 Kc6 $16) 59... Ke6 60. Nc7+) 54... Kd7 (54... Kf7 $11) 55. Rxf6 gxf6 $11
{The position is equal.} 56. Nb6+ Ke6 {[#] ( -> ...Rc1)} 57. Nxc4 {Strongly
threatening b6.} Nxb5 {KN-KN} 58. Ne3 Nd6 59. Kf3 f5 60. exf5+ Nxf5 61. Ng4 Kd5
62. Nf6+ Kd4 63. g4 Nd6 64. g5 hxg5 65. h6 Nf7 66. h7 Kd3 67. Kg4 e4 68. Nxe4
Kxe4 69. h8=Q Nxh8 70. Kxg5 {Never resign too early!  Weighted Error Value:
White=0.20 (precise) /Black=0.19 (very precise)} 1/2-1/2

[Event "7th Gashimov Memorial-Blitz 2021"]
[Site "Baku"]
[Date "2021.12.23"]
[Round "13"]
[White "Asadli, Vugar"]
[Black "Karjakin, Sergey"]
[Result "1/2-1/2"]
[WhiteElo "2579"]
[BlackElo "2743"]
[Annotator "TA"]
[PlyCount "82"]
[EventDate "2021.12.17"]
[EventType "tourn"]
[EventCountry "AZE"]
[SourceTitle "playchess.com"]
[Source "ChessBase"]
[SourceQuality "1"]

{[%evp 11,82,27,39,23,36,13,26,33,38,-4,0,0,27,-39,105,104,122,120,129,120,125,
109,107,100,100,109,100,79,91,91,81,88,103,100,124,72,65,54,46,24,41,46,54,22,
92,46,85,30,37,43,106,48,89,72,63,63,67,51,78,8,8,8,37,0,0,0,0,0,0,0,0,0,0]} 1.
e4 c6 2. d4 d5 3. e5 Bf5 4. Nf3 e6 5. Be2 Ne7 6. O-O h6 7. Nbd2 {B12:
Caro-Kann: Advance Variation.} Nd7 8. Nb3 Qc7 9. a4 {White has an edge.} g5 10.
Ne1 (10. Bd2 $14 {feels stronger.}) 10... O-O-O 11. f4 {[#]} f6 $146 ({
Predecessor:} 11... c5 12. dxc5 Ng6 13. Nd4 Bxc5 14. Kh1 Bxd4 15. Qxd4 Nxf4 16.
Bxf4 gxf4 17. Qxa7 Be4 {½-½ (37) Weiner,J (2157)-Deskin,G (2189) ICCF email
2017}) 12. Bd3 (12. Nd3 $11) 12... gxf4 (12... fxe5 $15 {keeps the upper hand.}
13. fxe5 c5) 13. exf6 $16 Ng6 (13... Nxf6 $2 14. Bxf4 Rd6 15. Qe2 $18) 14. Bxf5
exf5 15. Qh5 {[%csl LRf5,LRg6]} Rg8 16. Qxf5 Bd6 17. Nc5 Bxc5 18. dxc5 {
[#] And now f7 would win.} Rdf8 19. Bxf4 {White is more active.} (19. f7 {
feels hotter.} Rg7 20. Nd3 Rfxf7 21. Qh3 h5 22. Rf2) 19... Nxf4 20. Qxf4 ({
Wrong is} 20. Rxf4 $2 Rg5 21. Nd3 Rxf5 22. Rxf5 Rxf6 23. Rxf6 Nxf6 $19) 20...
Qxf4 21. Rxf4 Nxc5 {[#]} 22. Nd3 $1 ({But not} 22. f7 $6 Rg7 $11) 22... Nd7 23.
Raf1 (23. f7 $142 Rg7 24. Raf1) 23... Rf7 24. h3 Kc7 25. g4 Kd6 26. Kg2 Rg6 27.
Kg3 c5 (27... h5 $1 $11) 28. b3 (28. Rf5 $16) 28... a6 29. c4 ({Better is} 29.
a5 $16) 29... dxc4 $11 30. bxc4 Rgxf6 (30... Rfxf6 $14 31. a5 Rxf4 32. Nxf4 Rg5
) 31. h4 (31. Rxf6+ $16 Rxf6 32. Rxf6+ Nxf6 33. Kf4) 31... b5 (31... Rxf4 $14
32. Rxf4 Re7) 32. axb5 axb5 33. cxb5 {Black must now prevent Rxf6+.} Rxf4 34.
Rxf4 $16 {[%mdl 4096] Endgame KRN-KRN} Re7 35. g5 (35. h5 $16) 35... hxg5 $11
36. hxg5 Kd5 37. Nxc5 Nxc5 {The position is equal.} 38. Kg4 Re1 39. Kf5 Ne6 40.
Rf2 Kd6 41. Kf6 Nxg5 {Weighted Error Value: White=0.22 (precise) /Black=0.20 
(precise)} 1/2-1/2

[Event "7th Gashimov Memorial-Blitz 2021"]
[Site "Baku"]
[Date "2021.12.23"]
[Round "14"]
[White "Mamedyarov, Shakhriyar"]
[Black "Caruana, Fabiano"]
[Result "0-1"]
[WhiteElo "2767"]
[BlackElo "2792"]
[Annotator "TA"]
[PlyCount "78"]
[EventDate "2021.12.17"]
[EventType "tourn"]
[EventCountry "AZE"]
[SourceTitle "playchess.com"]
[Source "ChessBase"]
[SourceQuality "1"]

{[%evp 12,78,32,32,31,18,18,18,34,0,0,4,13,10,11,2,26,20,20,13,7,9,10,12,59,10,
27,29,26,25,54,20,123,109,107,84,159,162,136,185,151,104,227,150,564,557,768,
777,690,56,56,64,459,444,440,443,579,332,631,-350,-342,-339,-300,-513,-507,
-29970,-29973,-29987,-29988]} 1. d4 d5 2. c4 e6 {[%cal Be7e6,Be6d5,Bd5d4][%mdl
32]} 3. Nc3 c5 4. cxd5 exd5 5. Nf3 Nc6 6. dxc5 d4 7. Na4 Bxc5 {D32: Tarrasch
Defence: Sidelines and lines without g3.} 8. a3 {To avoid Bb4+} Be7 {[#]} 9. e3
$146 ({Predecessor:} 9. b4 Bg4 10. Qd3 Qd5 11. Nc3 Qd7 12. Ne4 Nf6 13. Nfd2
Nxe4 14. Nxe4 Bf5 15. f3 {0-1 (46) Loiret,M (1700)-Genzling,S (1924) Aix les
Bains 2006}) 9... Bg4 {The position is equal.} 10. exd4 Bxf3 11. Qxf3 {Bb5 is
the strong threat.} Nxd4 12. Qd1 {To avoid Nc2+} Qa5+ 13. Nc3 Rd8 14. Be3 Nf5 {
Pair of Knights!} 15. Bb5+ Kf8 16. Qf3 Nxe3 17. fxe3 {[%cal Bf2e3,Be3e4,Be4e5]
[%mdl 32]} Nf6 (17... Qc7 $11) 18. O-O (18. Qxb7 $14 Bd6 19. Rd1) 18... Qb6 19.
Kh1 h5 20. e4 Qe6 21. e5 Ng4 (21... Qxe5 $11 22. Rae1 Qc7) 22. Rae1 $16 {
Threatens to win with Re4.} g6 23. Re4 $36 {[%mdl 2048] Strongly threatening
Bc4. White has strong initiative.} Kg7 ({Black should try} 23... Rh7) 24. Bc4
$1 Qf5 25. Qe2 Qg5 {[#]} 26. Ref4 (26. Bxf7 $2 Rd2 27. Qf3 Qh4 $19) (26. Nd5
$142 $1) 26... Kh6 (26... Bc5 $16 {keeps fighting.}) 27. h3 (27. Rxf7 Rd2 28.
Ne4 Rxe2 $15) 27... Qh4 $2 {[#]} (27... Nxe5 $2 28. h4 Qxf4 29. Rxf4 $18) (
27... Qxe5 $16 28. hxg4 Qxe2 29. Bxe2 hxg4 30. Bxg4 (30. Rxf7 Kg5+ 31. Kg1 Bc5+
32. R1f2 Rde8 $14) 30... f5) 28. Ne4 $1 $18 Rhf8 29. Bxf7 Kg7 30. Be6 $2 ({Not
} 30. Kg1 g5 31. Rf5 (31. hxg4 gxf4 32. Bxh5 Rd5 $15) 31... Nh6 $14) (30. e6
$18) 30... Rxf4 $14 31. Rxf4 {[%mdl 64] Pin} Kh8 $2 {[%mdl 8192]} ({Black
should play} 31... Rf8 $1 $14 32. Rxf8 (32. Bxg4 Rxf4 33. g3 Rxe4 $11) 32...
Bxf8) 32. Bxg4 $18 hxg4 33. Rxg4 Qh6 34. Qf2 Qh5 $2 (34... Rf8 35. Nf6 Bxf6)
35. Nf6 $4 {[%mdl 8192]} (35. Qf4 $18 {and life is good for White. Black must
now prevent Nf6.} Rd1+ 36. Kh2) 35... Rd1+ $19 36. Kh2 Qxe5+ 37. g3 $2 (37. Qg3
{is the only way for White.} Bxf6 38. Rxg6 Qxg3+ 39. Kxg3 Rd3+ 40. Kf2 Bxb2 41.
a4) 37... Bxf6 38. Rxg6 (38. h4 $19 Re1 39. Qf3) 38... Bg7 39. h4 Qe4 {
Weighted Error Value: White=0.87/Black=0.70} 0-1

[Event "7th Gashimov Memorial-Blitz 2021"]
[Site "Baku"]
[Date "2021.12.23"]
[Round "14"]
[White "Anand, Viswanathan"]
[Black "Asadli, Vugar"]
[Result "1/2-1/2"]
[WhiteElo "2751"]
[BlackElo "2579"]
[Annotator "TA"]
[PlyCount "67"]
[EventDate "2021.12.17"]
[EventType "tourn"]
[EventCountry "AZE"]
[SourceTitle "playchess.com"]
[Source "ChessBase"]
[SourceQuality "1"]

{[%evp 16,67,23,27,26,15,25,17,33,35,36,33,52,0,23,25,25,19,33,17,27,26,33,8,
23,0,43,52,49,27,83,0,0,0,0,0,0,0,0,0,0,0,0,0,0,0,0,0,0,-1,0,-84,-84,-84]} 1.
e4 c6 2. d4 d5 3. Nc3 dxe4 4. Nxe4 Nf6 5. Nxf6+ exf6 6. c3 Bd6 7. Bd3 O-O 8.
Qc2 Re8+ 9. Be3 h5 {B15: Caro-Kann: 3 Nc3: 3...g6 and 3...dxe4 4 Nxe4 Nf6 5
Nxf6+ exf6.} 10. Ne2 Nd7 11. O-O h4 {Prevents Ng3. The position is equal.} 12.
h3 Nf8 13. Rfe1 Be6 {[%cal Of8g6]} 14. Bf4 ({White should play} 14. Rad1 $14)
14... Rc8 15. Rad1 Qc7 16. Bxd6 Qxd6 17. c4 {[#]} Re7 $146 ({Predecessor:} 
17... Bd7 18. Qb3 b6 19. Bb1 Re7 20. Qf3 Rce8 21. Bd3 g6 22. Rf1 Kg7 23. Nc3
Ne6 24. Qxf6+ Kxf6 {1-0 (70) Argote Heredia,V (2192)-Moncada Correa,S (1897)
Fusagasuga 2020}) 18. Nc3 Rce8 {[%cal Oe6c4]} 19. d5 cxd5 {[%cal Oe6g4]} (19...
Bg4 {with more complications.} 20. Be2 Bxe2 21. Rxe2 Rxe2 22. Nxe2 Qe5) 20.
cxd5 Bd7 (20... Bg4 $1 $11 21. Be2 (21. Rxe7 Bxd1 22. Bh7+ Kh8 $17) 21... Bd7)
21. Rxe7 $14 Rxe7 22. Qb3 (22. Ne4 {is more complex.} Qe5 23. Nc5 g6 24. Be4
Re8 25. b4) 22... Ng6 (22... b6 $11) 23. Bxg6 ({Much worse is} 23. Qxb7 Ba4 $1
24. Qxe7 Nxe7 $15) (23. Ne4 $1 $16 {[%cal Re4d6]} Qb6 24. Qxb6 axb6 25. Nc3)
23... fxg6 $11 24. Qc4 ({Don't play} 24. Qxb7 Ba4 $1 25. Qxe7 Qxe7 $15) 24...
g5 25. Ne4 Qf4 26. d6+ Re6 {[%cal Be7e6,Be6e4,Be4e2,Be2d2][%mdl 32]} 27. Qc7
Rxe4 28. Qxd7 {[%mdl 4096] Endgame Qb5 is the strong threat. KQR-KQR} Re2 {
[%csl LRb2,LRf2]} 29. Rf1 {Threatens to win with Qc8+.} Rd2 30. Qxb7 Qxd6 31.
Qxa7 Rxb2 32. a4 Ra2 33. Re1 {[#]} (33. Qa8+ $11 {remains equal.} Kh7 34. Qe8)
33... Qd2 $1 $17 34. Rf1 {Weighted Error Value: White=0.14 (very precise) /
Black=0.08 (flawless)} 1/2-1/2